| 000 | 00439nam a22001697a 4500 | ||
|---|---|---|---|
| 999 |
_c190693 _d190693 |
||
| 005 | 20220803101254.0 | ||
| 010 | _aENG-134181 | ||
| 020 | _c400.00 | ||
| 035 | _aEN-117713 | ||
| 037 | _bDBAD/PUB | ||
| 082 | _a658 | ||
| 245 |
_a1 Minute Drills/ _cCompiled by K. Vijay Kumar |
||
| 260 |
_aHyderabad _bNational Police Academy _c2010 |
||
| 270 | _bHyderabad | ||
| 300 |
_a126p. _c21cm(pbk) |
||
| 942 |
_2ddc _cEN _h658 _mONE |
||